000 00544nam a2200193Ia 4500
008 151119s9999||||xx |||||||||||||| ||und||
082 _a928.146
082 _bGKKV1320
100 _aजहागीरदार गजानन
245 _aपाउलखुणा
260 _a--
260 _b--
260 _c1986
600 _aजहागीरदार गजानन
630 _aपाउलखुणा
700 _aजहागीरदार गजानन
730 _aपाउलखुणा
942 _cBOOK
999 _c1057746
_d1057743